بہا ر وجھا ر کھنڈ ميں ا ر د و ا فسا نہ ا و ر ا فسا نہ نگا ر(جلد سو م ) / (Record no. 165757)
[ view plain ]
| 000 -LEADER | |
|---|---|
| fixed length control field | 00758nam a22001937a 4500 |
| 005 - DATE AND TIME OF LATEST TRANSACTION | |
| control field | 20230714123824.0 |
| 010 ## - LCCN (DPL NO) | |
| LC control number | UR-10272 |
| 020 ## - INTERNATIONAL STANDARD BOOK NUMBER | |
| International Standard Book Number | 9789386486950 |
| Terms of availability | 294.00 |
| 035 ## - SYSTEM CONTROL NUMBER | |
| System control number | U-8827 |
| 037 ## - SOURCE OF ACQUISITION | |
| Source of stock number/acquisition | DBAD/PUB |
| 082 ## - DEWEY DECIMAL CLASSIFICATION NUMBER | |
| Classification number | 841.08 |
| 100 ## - MAIN ENTRY--PERSONAL NAME | |
| Personal name | قيا م نير |
| 245 ## - TITLE STATEMENT | |
| Title | بہا ر وجھا ر کھنڈ ميں ا ر د و ا فسا نہ ا و ر ا فسا نہ نگا ر(جلد سو م ) / |
| Statement of responsibility, etc | قيا م نير |
| 246 ## - VARYING FORM OF TITLE | |
| Remainder of title | Bihar -o-Jharkhand mein Urdu Afsana Aur Afsana Nigar (Urdu) |
| Title proper/short title | by Qayam Naiyar |
| 260 ## - PUBLICATION, DISTRIBUTION, ETC. (IMPRINT) | |
| Place of publication, distribution, etc | Delhi |
| Name of publisher, distributor, etc | Educational Publishing House |
| Date of publication, distribution, etc | 2017ء |
| 270 ## - ADDRESS | |
| Address | 3191،Vakil Street,Kucha Pandit,Lal Kuan, |
| City | Delhi |
| Postal code | 110006 |
| Telephone number | 23216162 |
| Fax number | 00911123211540 |
| 300 ## - PHYSICAL DESCRIPTION | |
| Extent | 527ص |
| Dimensions | 22cm(Hb) |
| 942 ## - ADDED ENTRY ELEMENTS (KOHA) | |
| Source of classification or shelving scheme | Dewey Decimal Classification |
| Item type | Urdu Bks |
| Classification part | 841.08 |
| Call number suffix | ن ي ر |
| Withdrawn status | Lost status | Not for loan | Collection code | Home library | Current library | Date acquired | Source of acquisition | Cost, normal purchase price | Full call number | Barcode | Copy number | Cost, replacement price | Koha item type |
|---|---|---|---|---|---|---|---|---|---|---|---|---|---|
| Non-fiction | Ashok Vihar | Ashok Vihar | 29/06/2019 | DBAD/PUB | 294.00 | 841.08 ن ي ر | U-8827 | 1 | 294.00 | Urdu Bks |
